000 00751cam a2200265 4500
008 090401t1992 xxu||||| |||| 00| 0 eng d
020 _a0854065458
035 _a(Sirsi) u56101
041 _aeng
050 _a690.240973
_c18
090 _aRICS 1992/53ABCD
100 _aDouglas, James
245 _aBuilding condition assessment in the USA
260 _aLondon
_bRICS
_c1992
300 _a17p.
_c30cm.
350 _a4.95
490 _aRICS Research Paper Series
_v(10)
650 _aCONDITION SURVEYS
650 _aPOST-OCCUPANCY EVALUATION
650 _aUNITED STATES
690 _aBUILDING AND CONSTRUCTION-REPAIRS AND MAINTENANCE
710 _aRoyal Institution of Chartered Surveyors
_94900
942 _n0
948 _c04/03/1997
999 _c93719
_d93719